000 00543nam a22002297a 4500
003 UA-OsUOA
001 41950
007 ta
008 20061018b un ||||| |||| 00| 0 ukr d
100 _aБессонов Б. Н.
090 _a101(075)
942 _cBK
040 _aUA-OsUOA
_brus
_cUA-OsUOA
_dUA-OsUOA
245 _aФилософия
300 _a317 с.
955 _a2
041 _arus
080 _a101(075)
260 _aМ.
_bАстрель
_c2004
650 7 _a1 Філософські науки
_2UDC
999 _c328082
_d328082